000 00467nam a2200193Ia 4500
005 20240823032732.0
008 240823s9999||||xx |||||||||||||| ||und||
041 _aENGLISH
082 _A005.3 N2
100 _a"Whitsitt,Robert E"
245 0 _aIllustrated Windows 3.1
250 _a1st
260 _c1992
_b"BPB,New Delhi"
500 _aTRANSFERED
650 _aWindows
_bComputer Applications
700 _a" Bryan,Lana K"
942 _cBK
999 _c194129
_d194129